अर्थशास्त्राचे नोबेल पारितोषिक विजेते / (Record no. 57157)

MARC details
000 -LEADER
fixed length control field 01263nam a22002417a 4500
005 - DATE AND TIME OF LATEST TRANSACTION
control field 20110913152830.0
008 - FIXED-LENGTH DATA ELEMENTS--GENERAL INFORMATION
fixed length control field 110913t xxu||||| |||| 00| 0 mar d
010 ## - LCCN (DPL NO)
LC control number MAR-21414
020 ## - INTERNATIONAL STANDARD BOOK NUMBER
Terms of availability 185.00
035 ## - SYSTEM CONTROL NUMBER
System control number MR-14072
037 ## - SOURCE OF ACQUISITION
Source of stock number/acquisition DBAD/PUB
040 ## - CATALOGING SOURCE
Original cataloging agency DPL
Language of cataloging MR
082 ## - DEWEY DECIMAL CLASSIFICATION NUMBER
Classification number 330.092
100 ## - MAIN ENTRY--PERSONAL NAME
9 (RLIN) 34729
Personal name देशपांडे,विनायक
245 ## - TITLE STATEMENT
Title अर्थशास्त्राचे नोबेल पारितोषिक विजेते /
Statement of responsibility, etc विनायक देशपांडे तथा श्री आ देशपांडे
246 ## - VARYING FORM OF TITLE
Title proper/short title Arthashastracjey Nobel Paritoshik Vijete
Remainder of title by Vinayak Deshpande and Sri A Deshpande
260 ## - PUBLICATION, DISTRIBUTION, ETC. (IMPRINT)
Place of publication, distribution, etc नागपूर
Name of publisher, distributor, etc लाखे प्रकाशन
Date of publication, distribution, etc 2011
270 ## - ADDRESS
City नागपूर
Address मुकुंदराज पथ,महाल
Postal code 4400032
300 ## - PHYSICAL DESCRIPTION
Extent 184पृ.
Dimensions 22सेमी(अजिल्द)
Other physical details सचित्र
700 ## - ADDED ENTRY--PERSONAL NAME
Personal name देशपांडे,श्री आ
9 (RLIN) 35045
942 ## - ADDED ENTRY ELEMENTS (KOHA)
Source of classification or shelving scheme Dewey Decimal Classification
Item type Marathi Books
Call number suffix देशपां
Classification part 330.092
Holdings
Withdrawn status Lost status Source of classification or shelving scheme Damaged status Not for loan Collection code Home library Current library Date acquired Source of acquisition Cost, normal purchase price Total Checkouts Full call number Barcode Date last seen Copy number Cost, replacement price Koha item type
    Dewey Decimal Classification   Not For Loan Non-fiction D.B.Act.Division D.B.Act.Division 29/09/2011 DBAD / PUB 185.00   330.092 देशपां MR-14072 29/09/2011 1 185.00 Marathi Books

© Delhi Public Library
Hit Counter
free hit counter